[Event "DEM U16 2024"]
[Site "Willingen GER"]
[Date "2024.05.21"]
[Round "4"]
[White "Bräutigam, Alexander"]
[Black "Sommer, Justus"]
[Result "1/2-1/2"]
[Termination "normal"]
[Board "5"]
[WhiteElo "2134"]
[BlackElo "2069"]
[WhiteClock "00:21:57"]
[BlackClock "00:11:49"]
[PlyCount "94"]
[WhiteFideId "16245210"]
[BlackFideId "16245008"]
[EventCountry "GER"]
[EventRounds "9"]
[EventType "swiss"]
[EventDate "2024.05.18"]

1. d4 {[%clk 01:30:58]} d5 {[%clk 01:30:30]} 2. c4 {[%clk 01:30:58]} e6 {[%clk
01:30:30]} 3. Nc3 {[%clk 01:30:58]} Be7 {[%clk 01:30:30]} 4. Nf3 {[%clk
01:30:58]} Nf6 {[%clk 01:30:30]} 5. cxd5 {[%clk 01:30:58]} exd5 {[%clk
01:30:30]} 6. Bg5 {[%clk 01:30:58]} c6 {[%clk 01:30:30]} 7. Qc2 {[%clk
01:30:58]} g6 {[%clk 01:30:30]} 8. e3 {[%clk 01:30:58]} Bf5 {[%clk 01:30:30]}
9. Bd3 {[%clk 01:30:58]} Bxd3 {[%clk 01:30:30]} 10. Qxd3 {[%clk 01:30:58]} Nbd7
{[%clk 01:30:30]} 11. O-O {[%clk 01:25:00]} {[%emt 13:38:04]} O-O {[%clk
01:29:19]} 12. a3 {[%clk 01:22:31]} {[%emt 00:05:06]} Re8 {[%clk 01:27:23]} 13.
b4 {[%clk 01:20:32]} {[%emt 00:04:54]} Ne4 {[%clk 01:23:06]} 14. Bxe7 {[%clk
01:17:15]} {[%emt 00:08:35]} Qxe7 {[%clk 01:23:27]} 15. b5 {[%clk 01:15:25]}
{[%emt 00:02:28]} Nxc3 {[%clk 01:10:31]} 16. bxc6 {[%clk 01:15:25]} Ne4 {[%clk
01:10:31]} 17. cxd7 {[%clk 01:15:25]} Qxd7 {[%clk 01:10:31]} 18. Rfc1 {[%clk
01:09:16]} {[%emt 00:23:18]} Rac8 {[%clk 01:07:18]} 19. Ne5 {[%clk 00:59:32]}
{[%emt 00:12:45]} Qa4 {[%clk 00:57:46]} 20. f3 {[%clk 00:52:20]} {[%emt
00:17:45]} Nd6 {[%clk 00:53:54]} 21. Rc5 {[%clk 00:23:13]} {[%emt 00:33:58]}
Rxc5 {[%clk 00:49:27]} 22. dxc5 {[%clk 00:23:18]} {[%emt 00:05:23]} Rxe5 {[%clk
00:44:58]} 23. cxd6 {[%clk 00:23:42]} {[%emt 00:05:05]} Qc6 {[%clk 00:43:40]}
24. Qd4 {[%clk 00:23:11]} {[%emt 00:02:48]} Qxd6 {[%clk 00:43:09]} 25. Qxa7
{[%clk 00:22:41]} {[%emt 00:02:01]} b6 {[%clk 00:41:55]} 26. Rb1 {[%clk
00:12:45]} {[%emt 00:11:47]} Re6 {[%clk 00:33:58]} 27. Qa8+ {[%clk 00:07:44]}
{[%emt 00:14:21]} Kg7 {[%clk 00:34:20]} 28. Qa4 {[%clk 00:07:59]} {[%emt
00:00:23]} Kf8 {[%clk 00:24:19]} 29. Kf2 {[%clk 00:05:47]} {[%emt 00:13:12]}
Qxh2 {[%clk 00:14:18]} 30. Qa8+ {[%clk 00:04:00]} {[%emt 00:12:49]} Kg7 {[%clk
00:14:43]} 31. Qxd5 {[%clk 00:04:26]} {[%emt 00:00:08]} Rd6 {[%clk 00:14:54]}
32. Qa2 {[%clk 00:04:44]} {[%emt 00:00:30]} Qh4+ {[%clk 00:14:37]} 33. Kf1
{[%clk 00:03:58]} {[%emt 00:02:03]} Kg8 {[%clk 00:10:10]} 34. Qc2 {[%clk
00:03:54]} {[%emt 00:05:33]} Qg5 {[%clk 00:08:33]} 35. Kf2 {[%clk 00:02:44]}
{[%emt 00:03:47]} Qa5 {[%clk 00:08:32]} 36. Qc8+ {[%clk 00:01:40]} {[%emt
00:02:05]} Kg7 {[%clk 00:08:57]} 37. Rb3 {[%clk 00:01:44]} {[%emt 00:00:31]}
Rd2+ {[%clk 00:06:08]} 38. Kg3 {[%clk 00:01:52]} {[%emt 00:03:40]} Qe5+ {[%clk
00:06:06]} 39. Kh3 {[%clk 00:01:06]} {[%emt 00:01:48]} Rd1 {[%clk 00:05:51]}
40. f4 {[%clk 00:01:10]} {[%emt 00:01:12]} Qh5+ {[%clk 00:03:22]} 41. Kg3
{[%clk 00:01:32]} {[%emt 00:03:07]} f5 {[%clk 00:28:31]} 42. Qb7+ {[%clk
00:26:48]} {[%emt 00:10:35]} Kh6 {[%clk 00:26:09]} 43. Qf3 {[%clk 00:26:37]}
{[%emt 00:03:32]} Qh1 {[%clk 00:25:08]} 44. Rxb6 {[%clk 00:26:37]} Rf1 {[%clk
00:25:08]} 45. Qe2 {[%clk 00:23:57]} {[%emt 00:15:10]} Re1 {[%clk 00:15:10]}
46. Qf2 {[%clk 00:22:10]} {[%emt 00:03:13]} Rf1 {[%clk 00:13:30]} 47. Qe2
{[%clk 00:21:57]} {[%emt 00:02:56]} Re1 {[%clk 00:11:49]} 1/2-1/2

[Event "DEM U16 2024"]
[Site "Willingen GER"]
[Date "2024.05.21"]
[Round "4"]
[White "Lübke, Florentin"]
[Black "Torosyan, Bagrat"]
[Result "1/2-1/2"]
[Termination "normal"]
[Board "6"]
[WhiteElo "2207"]
[BlackElo "2115"]
[WhiteClock "00:09:31"]
[BlackClock "00:15:57"]
[PlyCount "120"]
[WhiteFideId "16281799"]
[BlackFideId "16258134"]
[EventCountry "GER"]
[EventRounds "9"]
[EventType "swiss"]
[EventDate "2024.05.18"]

1. e4 {[%clk 01:30:57]} {[%emt 00:00:03]} c5 {[%clk 01:30:54]} {[%emt
00:00:07]} 2. Nc3 {[%clk 01:31:21]} {[%emt 00:00:05]} e6 {[%clk 01:31:17]}
{[%emt 00:00:07]} 3. Nf3 {[%clk 01:31:28]} {[%emt 00:00:23]} Nc6 {[%clk
01:31:32]} {[%emt 00:00:15]} 4. h3 {[%clk 01:31:41]} {[%emt 00:00:17]} a6
{[%clk 01:30:45]} {[%emt 00:01:18]} 5. d4 {[%clk 01:31:52]} {[%emt 00:00:18]}
cxd4 {[%clk 01:31:08]} {[%emt 00:00:07]} 6. Nxd4 {[%clk 01:32:14]} {[%emt
00:00:09]} Qc7 {[%clk 01:31:15]} {[%emt 00:00:22]} 7. Nxc6 {[%clk 01:32:00]}
{[%emt 00:00:44]} bxc6 {[%clk 01:31:13]} {[%emt 00:00:32]} 8. Bd3 {[%clk
01:31:58]} {[%emt 00:00:32]} Nf6 {[%clk 01:27:56]} {[%emt 00:03:47]} 9. O-O
{[%clk 01:28:23]} {[%emt 00:04:06]} d5 {[%clk 01:24:27]} {[%emt 00:03:59]} 10.
Re1 {[%clk 01:26:11]} {[%emt 00:02:41]} Be7 {[%clk 01:22:22]} {[%emt 00:02:36]}
11. Bg5 {[%clk 01:16:32]} {[%emt 00:10:10]} Bb7 {[%clk 01:14:35]} {[%emt
00:08:17]} 12. e5 {[%clk 01:01:06]} {[%emt 00:15:56]} Nd7 {[%clk 01:14:41]}
{[%emt 00:00:23]} 13. Bxe7 {[%clk 00:58:47]} {[%emt 00:02:50]} Kxe7 {[%clk
01:14:58]} {[%emt 00:00:13]} 14. Qg4 {[%clk 00:53:02]} {[%emt 00:06:15]} h6
{[%clk 01:09:54]} {[%emt 00:05:32]} 15. f4 {[%clk 00:50:34]} {[%emt 00:03:00]}
g5 {[%clk 01:02:37]} {[%emt 00:07:48]} 16. fxg5 {[%clk 00:50:03]} {[%emt
00:01:01]} Rag8 {[%clk 01:03:00]} {[%emt 00:00:07]} 17. g6 {[%clk 00:47:08]}
{[%emt 00:03:25]} fxg6 {[%clk 00:52:22]} {[%emt 00:11:08]} 18. Re2 {[%clk
00:43:39]} {[%emt 00:04:00]} c5 {[%clk 00:41:21]} {[%emt 00:11:31]} 19. Rf1
{[%clk 00:35:00]} {[%emt 00:09:08]} g5 {[%clk 00:39:51]} {[%emt 00:02:00]} 20.
b3 {[%clk 00:23:38]} {[%emt 00:11:53]} h5 {[%clk 00:33:13]} {[%emt 00:07:07]}
21. Qf3 {[%clk 00:19:38]} {[%emt 00:04:31]} Rg7 {[%clk 00:32:57]} {[%emt
00:00:44]} 22. h4 {[%clk 00:16:41]} {[%emt 00:03:28]} Qa5 {[%clk 00:19:36]}
{[%emt 00:13:51]} 23. Bg6 {[%clk 00:15:11]} {[%emt 00:02:01]} Rh6 {[%clk
00:08:35]} {[%emt 00:11:30]} 24. Bxh5 {[%clk 00:14:32]} {[%emt 00:01:09]} Rgh7
{[%clk 00:08:13]} {[%emt 00:00:52]} 25. g4 {[%clk 00:14:26]} {[%emt 00:00:35]}
gxh4 {[%clk 00:07:09]} {[%emt 00:01:35]} 26. Qh3 {[%clk 00:11:52]} {[%emt
00:03:04]} Kd8 {[%clk 00:06:38]} {[%emt 00:01:01]} 27. Qxh4+ {[%clk 00:11:15]}
{[%emt 00:01:07]} Kc7 {[%clk 00:06:59]} {[%emt 00:00:09]} 28. Qh3 {[%clk
00:09:39]} {[%emt 00:02:05]} Rg7 {[%clk 00:05:32]} {[%emt 00:01:57]} 29. Kh2
{[%clk 00:09:41]} {[%emt 00:00:27]} Qb4 {[%clk 00:04:54]} {[%emt 00:01:09]} 30.
a3 {[%clk 00:07:47]} {[%emt 00:02:25]} Qd4 {[%clk 00:04:12]} {[%emt 00:01:11]}
31. Nb5+ {[%clk 00:05:40]} {[%emt 00:02:37]} axb5 {[%clk 00:04:27]} {[%emt
00:00:14]} 32. c3 {[%clk 00:06:06]} {[%emt 00:00:04]} Rxh5 {[%clk 00:02:18]}
{[%emt 00:02:39]} 33. gxh5 {[%clk 00:06:13]} {[%emt 00:00:23]} Qg4 {[%clk
00:02:33]} {[%emt 00:00:14]} 34. Qxg4 {[%clk 00:06:32]} {[%emt 00:00:12]} Rxg4
{[%clk 00:02:57]} {[%emt 00:00:05]} 35. Kh3 {[%clk 00:06:46]} {[%emt 00:00:16]}
Rg7 {[%clk 00:02:59]} {[%emt 00:00:28]} 36. Kh4 {[%clk 00:06:45]} {[%emt
00:00:32]} d4 {[%clk 00:02:23]} {[%emt 00:01:07]} 37. h6 {[%clk 00:04:54]}
{[%emt 00:02:21]} Rh7 {[%clk 00:02:28]} {[%emt 00:00:24]} 38. Kh5 {[%clk
00:04:46]} {[%emt 00:00:37]} d3 {[%clk 00:02:40]} {[%emt 00:00:19]} 39. Re3
{[%clk 00:04:07]} {[%emt 00:01:09]} d2 {[%clk 00:02:24]} {[%emt 00:00:46]} 40.
Rd1 {[%clk 00:01:41]} {[%emt 00:02:56]} Nxe5 {[%clk 00:00:43]} {[%emt
00:02:12]} 41. Rxd2 {[%clk 00:27:11]} {[%emt 00:04:59]} Rxh6+ {[%clk 00:30:57]}
{[%emt 00:00:15]} 42. Kxh6 {[%clk 00:23:08]} {[%emt 00:04:33]} Ng4+ {[%clk
00:31:13]} {[%emt 00:00:14]} 43. Kg5 {[%clk 00:21:27]} {[%emt 00:02:10]} Nxe3
{[%clk 00:31:36]} {[%emt 00:00:07]} 44. Kf4 {[%clk 00:21:32]} {[%emt 00:00:24]}
Nd5+ {[%clk 00:29:42]} {[%emt 00:02:26]} 45. Ke5 {[%clk 00:21:15]} {[%emt
00:00:47]} Nxc3 {[%clk 00:28:52]} {[%emt 00:01:20]} 46. Kxe6 {[%clk 00:20:46]}
{[%emt 00:00:59]} Nb1 {[%clk 00:27:27]} {[%emt 00:01:55]} 47. Ra2 {[%clk
00:13:33]} {[%emt 00:07:44]} Kb6 {[%clk 00:24:02]} {[%emt 00:03:55]} 48. Kd6
{[%clk 00:12:29]} {[%emt 00:01:33]} Nc3 {[%clk 00:21:32]} {[%emt 00:02:59]} 49.
Rc2 {[%clk 00:12:22]} {[%emt 00:00:37]} Ne4 {[%clk 00:21:43]} {[%emt 00:00:19]}
50. Ke5 {[%clk 00:12:28]} {[%emt 00:00:24]} Bc6 {[%clk 00:20:43]} {[%emt
00:01:30]} 51. Re2 {[%clk 00:11:11]} {[%emt 00:01:47]} Nc3 {[%clk 00:19:23]}
{[%emt 00:01:51]} 52. Rc2 {[%clk 00:11:35]} {[%emt 00:00:05]} Nb1 {[%clk
00:19:42]} {[%emt 00:00:11]} 53. Kd6 {[%clk 00:10:19]} {[%emt 00:01:46]} Nxa3
{[%clk 00:19:17]} {[%emt 00:00:55]} 54. Rxc5 {[%clk 00:10:43]} {[%emt
00:00:06]} Be4 {[%clk 00:19:38]} {[%emt 00:00:08]} 55. Rc8 {[%clk 00:09:59]}
{[%emt 00:01:15]} Nc2 {[%clk 00:17:43]} {[%emt 00:02:25]} 56. Ke5 {[%clk
00:10:07]} {[%emt 00:00:21]} Bd3 {[%clk 00:16:39]} {[%emt 00:01:33]} 57. Rc3
{[%clk 00:09:54]} {[%emt 00:00:44]} Nb4 {[%clk 00:16:55]} {[%emt 00:00:14]} 58.
Kd4 {[%clk 00:09:49]} {[%emt 00:00:36]} Bf5 {[%clk 00:16:25]} {[%emt 00:01:01]}
59. Rf3 {[%clk 00:09:47]} {[%emt 00:00:31]} Bd7 {[%clk 00:16:31]} {[%emt
00:00:23]} 60. Kc3 {[%clk 00:09:31]} {[%emt 00:00:46]} Nc6 {[%clk 00:15:57]}
{[%emt 00:01:05]} 1/2-1/2

[Event "DEM U16 2024"]
[Site "Willingen GER"]
[Date "2024.05.21"]
[Round "4"]
[White "Haubold, Sebastian"]
[Black "Karle, Sam"]
[Result "1/2-1/2"]
[Termination "normal"]
[Board "7"]
[WhiteElo "2127"]
[BlackElo "2070"]
[WhiteClock "00:25:26"]
[BlackClock "00:24:02"]
[PlyCount "91"]
[WhiteFideId "16259637"]
[BlackFideId "16290089"]
[EventCountry "GER"]
[EventRounds "9"]
[EventType "swiss"]
[EventDate "2024.05.18"]

1. e4 {[%clk 01:30:51]} {[%emt 00:00:08]} e5 {[%clk 01:30:51]} {[%emt
00:00:09]} 2. d4 {[%clk 01:30:58]} {[%emt 00:00:24]} exd4 {[%clk 01:31:13]}
{[%emt 00:00:08]} 3. Qxd4 {[%clk 01:31:21]} {[%emt 00:00:07]} Nc6 {[%clk
01:31:29]} {[%emt 00:00:13]} 4. Qe3 {[%clk 01:31:46]} {[%emt 00:00:06]} Nf6
{[%clk 01:30:12]} {[%emt 00:01:47]} 5. Bd2 {[%clk 01:31:06]} {[%emt 00:01:10]}
Be7 {[%clk 01:27:08]} {[%emt 00:03:34]} 6. c4 {[%clk 01:30:36]} {[%emt
00:01:00]} O-O {[%clk 01:20:53]} {[%emt 00:06:45]} 7. Nc3 {[%clk 01:25:53]}
{[%emt 00:05:14]} Re8 {[%clk 01:18:41]} {[%emt 00:02:41]} 8. O-O-O {[%clk
01:13:26]} {[%emt 00:12:57]} Bb4 {[%clk 01:04:57]} {[%emt 00:14:14]} 9. f3
{[%clk 01:09:43]} {[%emt 00:04:14]} d6 {[%clk 00:57:39]} {[%emt 00:07:48]} 10.
h4 {[%clk 00:58:33]} {[%emt 00:11:40]} Nh5 {[%clk 00:51:28]} {[%emt 00:06:40]}
11. Nge2 {[%clk 00:43:58]} {[%emt 00:15:05]} Ne5 {[%clk 00:41:39]} {[%emt
00:10:19]} 12. Nf4 {[%clk 00:19:08]} {[%emt 00:25:20]} Ng3 {[%clk 00:39:47]}
{[%emt 00:02:22]} 13. Rh2 {[%clk 00:19:01]} {[%emt 00:00:37]} Nxf1 {[%clk
00:37:21]} {[%emt 00:02:56]} 14. Rxf1 {[%clk 00:19:23]} {[%emt 00:00:08]} Nxc4
{[%clk 00:37:09]} {[%emt 00:00:42]} 15. Qd4 {[%clk 00:19:39]} {[%emt 00:00:14]}
Nxd2 {[%clk 00:36:52]} {[%emt 00:00:47]} 16. Qxd2 {[%clk 00:20:02]} {[%emt
00:00:07]} Be6 {[%clk 00:33:49]} {[%emt 00:03:33]} 17. Nxe6 {[%clk 00:17:24]}
{[%emt 00:03:08]} Rxe6 {[%clk 00:31:12]} {[%emt 00:03:06]} 18. Qd3 {[%clk
00:16:08]} {[%emt 00:01:46]} Bxc3 {[%clk 00:31:09]} {[%emt 00:00:34]} 19. Qxc3
{[%clk 00:16:35]} {[%emt 00:00:03]} Qf6 {[%clk 00:30:38]} {[%emt 00:01:00]} 20.
Qxf6 {[%clk 00:13:35]} {[%emt 00:03:30]} Rxf6 {[%clk 00:31:06]} {[%emt
00:00:02]} 21. Kc2 {[%clk 00:13:55]} {[%emt 00:00:10]} Re8 {[%clk 00:30:09]}
{[%emt 00:01:27]} 22. Rhh1 {[%clk 00:12:18]} {[%emt 00:02:07]} h5 {[%clk
00:28:10]} {[%emt 00:02:29]} 23. Kd3 {[%clk 00:09:42]} {[%emt 00:03:07]} d5
{[%clk 00:26:04]} {[%emt 00:02:37]} 24. exd5 {[%clk 00:07:08]} {[%emt
00:03:04]} Rd6 {[%clk 00:26:26]} {[%emt 00:00:07]} 25. Re1 {[%clk 00:04:44]}
{[%emt 00:02:53]} Rxd5+ {[%clk 00:26:32]} {[%emt 00:00:24]} 26. Kc3 {[%clk
00:05:04]} {[%emt 00:00:10]} Rc5+ {[%clk 00:23:55]} {[%emt 00:03:07]} 27. Kd4
{[%clk 00:02:24]} {[%emt 00:03:09]} Rxe1 {[%clk 00:24:18]} {[%emt 00:00:08]}
28. Rxe1 {[%clk 00:02:52]} {[%emt 00:00:02]} Rc2 {[%clk 00:24:32]} {[%emt
00:00:16]} 29. Re8+ {[%clk 00:03:20]} {[%emt 00:00:02]} Kh7 {[%clk 00:24:47]}
{[%emt 00:00:16]} 30. Re7 {[%clk 00:03:47]} {[%emt 00:00:03]} c5+ {[%clk
00:15:58]} {[%emt 00:09:19]} 31. Kd5 {[%clk 00:02:54]} {[%emt 00:01:22]} Rxb2
{[%clk 00:15:15]} {[%emt 00:01:14]} 32. Rxf7 {[%clk 00:02:16]} {[%emt
00:01:08]} Rxa2 {[%clk 00:10:42]} {[%emt 00:05:03]} 33. Rxb7 {[%clk 00:02:31]}
{[%emt 00:00:15]} a6 {[%clk 00:07:01]} {[%emt 00:04:11]} 34. g4 {[%clk
00:01:25]} {[%emt 00:01:37]} Ra4 {[%clk 00:03:48]} {[%emt 00:03:42]} 35. gxh5
{[%clk 00:01:36]} {[%emt 00:00:19]} Rxh4 {[%clk 00:03:48]} {[%emt 00:00:30]}
36. Kxc5 {[%clk 00:01:00]} {[%emt 00:01:06]} Rxh5+ {[%clk 00:04:16]} {[%emt
00:00:02]} 37. Kd4 {[%clk 00:01:04]} {[%emt 00:00:27]} Ra5 {[%clk 00:03:59]}
{[%emt 00:00:47]} 38. Ke4 {[%clk 00:01:18]} {[%emt 00:00:15]} Kh6 {[%clk
00:04:02]} {[%emt 00:00:27]} 39. Kf4 {[%clk 00:01:29]} {[%emt 00:00:20]} Ra4+
{[%clk 00:04:00]} {[%emt 00:00:31]} 40. Kg3 {[%clk 00:01:48]} {[%emt 00:00:12]}
Ra1 {[%clk 00:03:34]} {[%emt 00:00:56]} 41. Ra7 {[%clk 00:28:20]} {[%emt
00:03:59]} a5 {[%clk 00:33:55]} {[%emt 00:00:09]} 42. Kh3 {[%clk 00:28:20]}
{[%emt 00:00:29]} a4 {[%clk 00:34:10]} {[%emt 00:00:15]} 43. Kg3 {[%clk
00:28:23]} {[%emt 00:00:26]} a3 {[%clk 00:34:30]} {[%emt 00:00:12]} 44. Kh2
{[%clk 00:28:08]} {[%emt 00:00:43]} g6 {[%clk 00:33:04]} {[%emt 00:01:56]} 45.
f4 {[%clk 00:25:08]} {[%emt 00:03:31]} a2 {[%clk 00:24:02]} {[%emt 00:09:32]}
46. Kg2 {[%clk 00:25:26]} {[%emt 00:00:12]} 1/2-1/2

[Event "DEM U16 2024"]
[Site "Willingen GER"]
[Date "2024.05.21"]
[Round "4"]
[White "Haubold, Christian"]
[Black "Strehse, Nelson"]
[Result "0-1"]
[Termination "normal"]
[Board "8"]
[WhiteElo "2051"]
[BlackElo "2156"]
[WhiteClock "00:03:22"]
[BlackClock "01:01:26"]
[PlyCount "54"]
[WhiteFideId "16259629"]
[BlackFideId "16228898"]
[EventCountry "GER"]
[EventRounds "9"]
[EventType "swiss"]
[EventDate "2024.05.18"]

1. e4 {[%clk 01:30:52]} {[%emt 00:00:08]} e6 {[%clk 01:30:36]} {[%emt
00:00:24]} 2. d4 {[%clk 01:31:16]} {[%emt 00:00:06]} d5 {[%clk 01:31:01]}
{[%emt 00:00:05]} 3. Nd2 {[%clk 01:31:39]} {[%emt 00:00:07]} Be7 {[%clk
01:30:59]} {[%emt 00:00:32]} 4. Bd3 {[%clk 01:24:06]} {[%emt 00:08:04]} c5
{[%clk 01:31:17]} {[%emt 00:00:11]} 5. dxc5 {[%clk 01:21:33]} {[%emt 00:03:03]}
Nf6 {[%clk 01:31:36]} {[%emt 00:00:11]} 6. e5 {[%clk 01:09:54]} {[%emt
00:12:10]} Nfd7 {[%clk 01:31:36]} {[%emt 00:00:30]} 7. Ngf3 {[%clk 01:05:14]}
{[%emt 00:05:10]} Nc6 {[%clk 01:26:57]} {[%emt 00:05:08]} 8. Bb5 {[%clk
00:59:56]} {[%emt 00:05:49]} Qc7 {[%clk 01:24:32]} {[%emt 00:02:54]} 9. Qe2
{[%clk 00:54:42]} {[%emt 00:05:45]} O-O {[%clk 01:19:53]} {[%emt 00:05:09]} 10.
Bxc6 {[%clk 00:52:13]} {[%emt 00:03:00]} bxc6 {[%clk 01:19:51]} {[%emt
00:00:32]} 11. Nb3 {[%clk 00:41:08]} {[%emt 00:11:35]} a5 {[%clk 01:19:30]}
{[%emt 00:00:50]} 12. Bf4 {[%clk 00:37:39]} {[%emt 00:03:59]} Ba6 {[%clk
01:15:53]} {[%emt 00:04:06]} 13. Qe3 {[%clk 00:32:01]} {[%emt 00:06:10]} a4
{[%clk 01:11:09]} {[%emt 00:05:15]} 14. Nbd4 {[%clk 00:31:12]} {[%emt
00:01:18]} Rfb8 {[%clk 01:08:18]} {[%emt 00:03:20]} 15. Rb1 {[%clk 00:25:37]}
{[%emt 00:06:06]} Nxc5 {[%clk 01:07:52]} {[%emt 00:00:56]} 16. Nd2 {[%clk
00:20:17]} {[%emt 00:05:50]} Rb4 {[%clk 01:06:00]} {[%emt 00:02:20]} 17. a3
{[%clk 00:19:22]} {[%emt 00:01:26]} Rb7 {[%clk 01:05:59]} {[%emt 00:00:30]} 18.
f3 {[%clk 00:18:26]} {[%emt 00:01:28]} Nd7 {[%clk 01:03:54]} {[%emt 00:02:34]}
19. Ne2 {[%clk 00:09:05]} {[%emt 00:09:51]} Rab8 {[%clk 01:03:34]} {[%emt
00:00:50]} 20. Qd4 {[%clk 00:07:59]} {[%emt 00:01:37]} c5 {[%clk 01:03:15]}
{[%emt 00:00:49]} 21. Qe3 {[%clk 00:03:07]} {[%emt 00:05:22]} Rxb2 {[%clk
01:03:15]} {[%emt 00:00:30]} 22. Rxb2 {[%clk 00:03:32]} {[%emt 00:00:05]} Rxb2
{[%clk 01:03:31]} {[%emt 00:00:14]} 23. Qc3 {[%clk 00:02:08]} {[%emt 00:01:54]}
Qb6 {[%clk 01:03:33]} {[%emt 00:00:28]} 24. Be3 {[%clk 00:02:22]} {[%emt
00:00:17]} d4 {[%clk 01:02:42]} {[%emt 00:01:20]} 25. Nxd4 {[%clk 00:02:40]}
{[%emt 00:00:12]} cxd4 {[%clk 01:03:05]} {[%emt 00:00:07]} 26. Bxd4 {[%clk
00:03:06]} {[%emt 00:00:04]} Qb5 {[%clk 01:02:23]} {[%emt 00:01:12]} 27. Kf2
{[%clk 00:03:22]} {[%emt 00:00:14]} Bc5 {[%clk 01:01:26]} {[%emt 00:01:27]} 0-1

[Event "DEM U16 2024"]
[Site "Willingen GER"]
[Date "2024.05.21"]
[Round "4"]
[White "Deschler, Arne"]
[Black "Windmüller, Simon"]
[Result "1-0"]
[Termination "normal"]
[Board "9"]
[WhiteElo "1989"]
[BlackElo "2041"]
[WhiteClock "00:15:06"]
[BlackClock "00:01:29"]
[PlyCount "67"]
[WhiteFideId "16274415"]
[BlackFideId "16274032"]
[EventCountry "GER"]
[EventRounds "9"]
[EventType "swiss"]
[EventDate "2024.05.18"]

1. e4 {[%clk 01:30:59]} c5 {[%clk 01:30:38]} {[%emt 00:00:23]} 2. Nf3 {[%clk
01:31:27]} {[%emt 00:00:02]} d6 {[%clk 01:30:54]} {[%emt 00:00:13]} 3. d4
{[%clk 01:31:56]} {[%emt 00:00:02]} cxd4 {[%clk 01:31:14]} {[%emt 00:00:10]} 4.
Nxd4 {[%clk 01:32:25]} {[%emt 00:00:01]} Nf6 {[%clk 01:31:31]} {[%emt
00:00:14]} 5. Nc3 {[%clk 01:32:53]} {[%emt 00:00:02]} a6 {[%clk 01:31:49]}
{[%emt 00:00:12]} 6. h3 {[%clk 01:32:22]} {[%emt 00:01:01]} e5 {[%clk
01:32:09]} {[%emt 00:00:09]} 7. Nb3 {[%clk 01:32:17]} {[%emt 00:00:35]} Be7
{[%clk 01:29:24]} {[%emt 00:03:15]} 8. Be3 {[%clk 01:32:09]} {[%emt 00:00:38]}
Be6 {[%clk 01:29:15]} {[%emt 00:00:38]} 9. f4 {[%clk 01:32:12]} {[%emt
00:00:27]} Nbd7 {[%clk 01:18:27]} {[%emt 00:11:19]} 10. f5 {[%clk 01:29:45]}
{[%emt 00:02:58]} Bxb3 {[%clk 01:18:01]} {[%emt 00:00:55]} 11. axb3 {[%clk
01:29:35]} {[%emt 00:00:41]} h5 {[%clk 01:16:00]} {[%emt 00:02:29]} 12. Qf3
{[%clk 01:17:14]} {[%emt 00:12:53]} Rc8 {[%clk 01:12:47]} {[%emt 00:03:42]} 13.
Bd3 {[%clk 01:15:43]} {[%emt 00:02:02]} Nc5 {[%clk 01:04:47]} {[%emt 00:08:28]}
14. O-O-O {[%clk 01:08:44]} {[%emt 00:07:30]} b5 {[%clk 00:57:58]} {[%emt
00:07:18]} 15. Kb1 {[%clk 01:07:17]} {[%emt 00:01:59]} Qc7 {[%clk 00:54:07]}
{[%emt 00:04:21]} 16. Bc1 {[%clk 00:56:09]} {[%emt 00:11:38]} b4 {[%clk
00:50:11]} {[%emt 00:04:26]} 17. Na4 {[%clk 00:54:12]} {[%emt 00:02:28]} Nxd3
{[%clk 00:37:48]} {[%emt 00:12:52]} 18. Qxd3 {[%clk 00:52:06]} {[%emt
00:02:36]} Qc6 {[%clk 00:37:55]} {[%emt 00:00:22]} 19. Rhe1 {[%clk 00:50:43]}
{[%emt 00:01:53]} Rc7 {[%clk 00:32:48]} {[%emt 00:05:38]} 20. Bg5 {[%clk
00:49:02]} {[%emt 00:02:11]} O-O {[%clk 00:27:41]} {[%emt 00:05:37]} 21. Bxf6
{[%clk 00:47:19]} {[%emt 00:02:13]} Bxf6 {[%clk 00:28:04]} {[%emt 00:00:06]}
22. Re2 {[%clk 00:47:36]} {[%emt 00:00:12]} Bg5 {[%clk 00:23:47]} {[%emt
00:04:48]} 23. Qf3 {[%clk 00:43:10]} {[%emt 00:04:57]} h4 {[%clk 00:23:47]}
{[%emt 00:00:30]} 24. g3 {[%clk 00:41:48]} {[%emt 00:01:51]} f6 {[%clk
00:18:42]} {[%emt 00:05:35]} 25. gxh4 {[%clk 00:38:14]} Bh6 {[%clk 00:19:28]}
26. Rg1 {[%clk 00:38:14]} Rd8 {[%clk 00:18:42]} 27. Rg6 {[%clk 00:38:14]} d5
{[%clk 00:18:42]} 28. Reg2 {[%clk 00:38:14]} dxe4 {[%clk 00:15:07]} {[%emt
00:18:09]} 29. Qh5 {[%clk 00:24:55]} Bd2 {[%clk 00:12:51]} {[%emt 00:09:35]}
30. Qg4 {[%clk 00:23:59]} {[%emt 00:01:27]} Rdd7 {[%clk 00:02:14]} {[%emt
00:11:06]} 31. Ka2 {[%clk 00:19:59]} {[%emt 00:04:30]} Bf4 {[%clk 00:00:57]}
{[%emt 00:01:46]} 32. h5 {[%clk 00:20:13]} {[%emt 00:00:16]} Kh7 {[%clk
00:01:02]} {[%emt 00:00:25]} 33. h6 {[%clk 00:14:44]} {[%emt 00:06:00]} gxh6
{[%clk 00:01:29]} {[%emt 00:00:02]} 34. Rxh6+ {[%clk 00:15:06]} {[%emt
00:00:08]} 1-0